000 00492cam a2200205ua 4500
001 10675
005 20260515114640.0
008 200220n ii |||gr||||Z||||||asm
040 _cMAIN
041 _aasm
082 _a398.09145
100 _aUpen Rabha Hakacham,
_eAuthor.
245 _aBar Asomor bihu sanskriti
250 _a2nd rev. & enl. ed.
260 _aGuwahati:
_bJyoti prakashan,
_c2017.
300 _a370p.
653 _aFolklore
653 _aAssamese culture
942 _cBK
999 _c9636
_d9636